TWELFTH FIVE YEAR PLAN 2012 2017 (Record no. 22263)
[ view plain ]
| 000 -LEADER | |
|---|---|
| fixed length control field | 00327nam a2200133Ia 4500 |
| 008 - FIXED-LENGTH DATA ELEMENTS--GENERAL INFORMATION | |
| fixed length control field | 240624s9999 xx 000 0 und d |
| 041 ## - LANGUAGE CODE | |
| Language code of text/sound track or separate title | eng |
| 082 ## - DEWEY DECIMAL CLASSIFICATION NUMBER | |
| Classification number | 338.954 PCG |
| 100 ## - MAIN ENTRY--PERSONAL NAME | |
| Personal name | PLANNING COMMISSION OF GOI |
| 245 ## - TITLE STATEMENT | |
| Title | TWELFTH FIVE YEAR PLAN 2012 2017 |
| 260 ## - PUBLICATION, DISTRIBUTION, ETC. | |
| Date of publication, distribution, etc. | 2013 |
| Place of publication, distribution, etc. | New Delhi |
| Name of publisher, distributor, etc. | Sage |
| 365 ## - TRADE PRICE | |
| Currency code | RS |
| Price amount | 40 |
| 440 ## - SERIES STATEMENT/ADDED ENTRY--TITLE | |
| Volume/sequential designation | 2 |
| Withdrawn status | Lost status | Damaged status | Not for loan | Home library | Current library | Shelving location | Date acquired | Source of acquisition | Cost, normal purchase price | Full call number | Barcode | Date last seen | Copy number | Price effective from | Koha item type |
|---|---|---|---|---|---|---|---|---|---|---|---|---|---|---|---|
| IMTN | IMTN | Rack 14-A | 02/19/2014 | IBH | 1600.00 | 338.954 PCG | 22263 | 06/24/2024 | 1 | 06/24/2024 | Books |